| 000 | 00877cam a2200265 i 4500 | ||
|---|---|---|---|
| 001 | 000004877 | ||
| 003 | DO-SdBNP | ||
| 005 | 20240620150552.0 | ||
| 007 | ta | ||
| 008 | 760310q1975 sp 001 0 spa | ||
| 020 | _z8427103121 | ||
| 040 |
_aDO-SdBNP _bspa _cBNPHU _erda |
||
| 082 | 4 |
_a860.6 _bG491p _222 |
|
| 100 | 1 |
_aGimenez Caballero, Ernesto, _d1899- _914114 _eautor |
|
| 245 | 1 | 3 |
_aEl procurador del pueblo y su cronicon de España : _bsecretos, revelaciones, disparos / _cErnesto Gimenez Caballero. |
| 264 |
_aMadrid, España : _bUmbral, _c1975. |
||
| 300 |
_a446 páginas ; _c21 cm. |
||
| 336 |
_2rdacontent _atexto _btxt |
||
| 337 |
_2rdamedia _asin mediación _bn |
||
| 338 |
_2rdacarrier _avolumen _bnc |
||
| 600 | 1 | 4 |
_aGiménez Caballero, Ernesto, _x1899- _914115 |
| 650 | 4 |
_aLiteratura española _9632 |
|
| 651 | 4 |
_aEspaña _xCivilización _914116 |
|
| 942 |
_2ddc _cLBS1 |
||
| 999 |
_c4683 _d4683 |
||